Historia Mystica rätselhafte Phänomene, dunkle Geheimnisse und das unterdrückte Wissen der Menschheit

Bibliographic Details
Main Author: Fischinger, Lars A., 1974- (Author)
Other Authors: Däniken, Erich von, 1935-2026 (Author of introduction, etc.)
Format: Book
Language:German
Published: München Ansata 2009
Edition:1. Aufl.
Subjects:

MARC

LEADER 00000nam a2200000 a 4500
001 vtls009933449
003 SK-MaSNL
005 20260301130722.0
008 240314s2009 gw o g 000 0 ger
020 |a 9783778773642  |q (viaz.) 
040 |a SNK  |b slo  |c SNK  |e AACR2 
041 0 |a ger 
044 |a gw  |c DE 
072 7 |a 165  |x Teória poznania. Epistemológia  |2 konspekt 
080 |a 165.12  |2 2001 
080 |a 159.922  |2 2001 
080 |a 2-587  |2 2001 
080 |a 001:2-1  |2 2001 
080 |a 001.83  |2 2001 
080 |a 159.9  |2 2001 
080 |a 165.194  |2 2001 
080 |a (048.8)  |2 2001 
100 1 |a Fischinger, Lars A.,  |d 1974-  |4 aut  |9 412543 
245 1 0 |a Historia Mystica  |b rätselhafte Phänomene, dunkle Geheimnisse und das unterdrückte Wissen der Menschheit  |c Lars A. Fischinger ; mit einem Vorwort von Erich von Däniken 
250 |a 1. Aufl. 
260 |a München  |b Ansata  |c 2009 
300 |a 319 s., 40 čiast. fareb. obr. na príl.  |c 22 cm 
504 |a Obsahuje bibliogr. 
650 0 7 |a vedomie  |x interdisciplinárne aspekty  |2 SNKPH  |9 478888 
650 0 7 |a mystika  |2 SNKPH  |9 1827 
650 0 7 |a veda a viera  |x interdisciplinárne aspekty  |2 SNKPH  |9 478889 
650 0 7 |a psychológia  |2 SNKPH  |9 807 
650 0 7 |a filozofia  |2 SNKPH 
655 7 |a štúdie  |2 SNKPH  |9 57033 
700 1 |a Däniken, Erich von,  |d 1935-2026  |4 aui  |9 213576 
919 |a 978-3-7787-7364-2 
999 |c 745708  |d 747638 
952 |a SNK  |b SNK  |y VYP  |7 0  |p 17A0628713  |o snkIC 138056  |i snk2009/15070  |8 2  |g 17.95  |0 0  |1 0  |4 0  |d 2009-07-27  |l 0  |r 2026-02-23 23:15:02  |w 2026-02-23